Statistics for Geography tile select (#4)

Click here to take the quiz!

General Stats

  • This quiz has been taken 44 times
  • The average score is 39 of 60

Answer Stats

QuestionTileSelect% Correct
countries with large penguin populationsMexicoNo
98%
countries with large penguin populationsSeychellesNo
89%
countries with large penguin populationsBrazilNo
86%
current territories of the United StatesIpanemaNo
86%
current territories of the United StatesSan SalvadorNo
86%
current territories of the United StatesSt Pierre and MiquelonNo
86%
countries where French is the only official languageCyprusNo
84%
states of IndiaKirovNo
84%
current territories of the United StatesTijuanaNo
84%
current territories of the United StatesUS Virgin IslandsYes
84%
current territories of the United StatesFaroe IslandsNo
82%
states of IndiaLimpopoNo
82%
current territories of the United StatesAmerican SamoaYes
77%
countries with large penguin populationsCanadaNo
77%
countries wholly south of the Tropic of CapricornNew ZealandYes
77%
states of IndiaNunavutNo
77%
current territories of the United StatesPuerto RicoYes
77%
countries with large penguin populationsIcelandNo
75%
countries wholly south of the Tropic of CapricornTaiwanNo
75%
countries where French is the only official languageEritreaNo
73%
countries where French is the only official languageGuyanaNo
73%
countries where French is the only official languageCape VerdeNo
70%
current territories of the United StatesCaroline IslandsNo
70%
countries with large penguin populationsNew ZealandYes
70%
countries wholly south of the Tropic of CapricornPhilippinesNo
70%
countries with large penguin populationsSouth AfricaYes
70%
states of IndiaCebuNo
68%
current territories of the United StatesGuamYes
68%
states of IndiaHaifaNo
68%
countries wholly south of the Tropic of CapricornLesothoYes
68%
countries with large penguin populationsNorwayNo
68%
countries wholly south of the Tropic of CapricornArgentinaNo
66%
states of IndiaAssamYes
66%
countries with large penguin populationsChileYes
66%
countries where French is the only official languageComorosNo
66%
countries where French is the only official languageMonacoYes
66%
countries where French is the only official languageSt VincentNo
66%
countries where French is the only official languageVanuatuNo
66%
states of IndiaBiharYes
64%
countries wholly south of the Tropic of CapricornParaguayNo
64%
states of IndiaBahiaNo
61%
countries wholly south of the Tropic of CapricornComorosNo
61%
states of IndiaKeralaYes
57%
states of IndiaSelangorNo
55%
states of IndiaSikkimYes
55%
countries with large penguin populationsAustraliaYes
52%
countries wholly south of the Tropic of CapricornUruguayYes
52%
current territories of the United StatesNorthern Mariana IslandsYes
50%
countries wholly south of the Tropic of CapricornEswatiniYes
48%
countries where French is the only official languageMaliYes
48%
current territories of the United StatesHawaiiNo
45%
countries wholly south of the Tropic of CapricornNamibiaNo
43%
countries wholly south of the Tropic of CapricornTongaNo
41%
countries where French is the only official languageBurkina FasoYes
39%
countries where French is the only official languageGabonYes
39%
states of IndiaTripuraYes
39%
countries where French is the only official languageGuineaYes
36%
countries wholly south of the Tropic of CapricornAustraliaNo
34%
countries with large penguin populationsNamibiaYes
18%
countries with large penguin populationsAngolaYes
7%

Score Distribution

Percentile by Number Answered

Percent of People with Each Score

Your Score History

You have not taken this quiz